LEADER 01245nam a2200289 i 4500 001 000000040862 003 CaOOAMICUS 005 20081014000000.0 008 081014s1977 it u000 u ita u 013 $a12032 020 $a88-7011-053-2 040 $aSeMil$bita 100 1 $aLewis, Clarence I.$0(OLS)http://semarc/name/20048 240 10$aMind and the world order.$0(OLS)http://semarc/title/58900 245 13$aIl pensiero e l'ordine del mondo /$cClarence I. Lewis ; a cura di Sergio Cremaschi. 260 $aTorino :$bRosenberg & Sellier,$c1977. 300 $aXXXI, 255 p. ;$c22 cm. 500 $aN. 17 di una collezione senza titolo. 650 4$aEpistemologia filosofica.$0(OLS)http://semarc/subject/1833 650 4$aConoscenza - Filosofia.$0(OLS)http://semarc/subject/1877 700 1 $aCremaschi, Sergio,$d<1949- >.$0(OLS)http://semarc/name/16398 850 $aSeMil 852 $aSeMil$W1$xVenegono$y1$m2P III 305$j7017$B7017$CSeMilBibl$Z2$F7017 $81 961 $aAcquisto: Casa editrice 996 $6020$a88-7011-053-2$9(OLS)http://semarc/number/11317 996 $6245$aIl pensiero e l'ordine del mondo$9(OLS)http://semarc/title/58899 996 $6260$aTorino :$bRosenberg & Sellier$9(OLS)http://semarc/publisher/29742 LEADER 01137nam a2200277 i 4500 001 000000127505 003 CaOOAMICUS 005 20040618000000.0 008 040618s1969 it u000 u ita u 013 $a100215 040 $aSeMil$bita 100 1 $aLussu, Joyce.$0(OLS)http://semarc/name/42858 245 10$aFronti e frontiere /$cJoyce Lussu ; Presentazione e commento di Nicola Tanda. 260 $aMilano :$bU. Mursia & C.,$ccopyr. 1969. 300 $a196 p. ;$c20 cm. 490 0 $aLa Nuova Biblioteca ;$v21 500 $aContiene : Nota bio-bibliografica. 650 4$aGuerra mondiale <1939-1945>.$0(OLS)http://semarc/subject/2761 650 4$aAutobiografie.$0(OLS)http://semarc/subject/2396 700 1 $aTanda, Nicola.$0(OLS)http://semarc/name/53053 830 3$aLa nuova biblioteca ;$v21.$0(OLS)http://semarc/title/9066 850 $aSeMil 852 $aSeMil$W1$xVenegono$y1$m58 30 21 *$j81801$B81801$CSeMilBibl$Z2$F83953 $81 961 $aLascito: Zurleni Domenico 996 $6245$aFronti e frontiere$9(OLS)http://semarc/title/188211 996 $6260$aMilano :$bU. Mursia & C.$9(OLS)http://semarc/publisher/31860